Further observations on the life cycle of Gnathostoma spinigarun / (Record no. 21018)

MARC details
000 -LEADER
campo de control de longitud fija 00611nam a2200193 i 4500
001 - NÚMERO DE CONTROL
campo de control 21018
003 - IDENTIFICADOR DE NÚMERO DE CONTROL
campo de control ES-MaACL
005 - FECHA Y HORA DE LA ÚLTIMA TRANSACCIÓN
campo de control 20230906152413.0
007 - CAMPO FIJO DE DESCRIPCIÓN FÍSICA--INFORMACIÓN GENERAL
campo de control de longitud fija t|
008 - DATOS DE LONGITUD FIJA--INFORMACIÓN GENERAL
campo de control de longitud fija 021120s1936 phl ||||1| eng d
100 1# - ENTRADA PRINCIPAL--NOMBRE DE PERSONA
Nombre de persona Africa, Cándido M.
9 (RLIN) 18519
245 10 - MENCIÓN DEL TÍTULO
Título Further observations on the life cycle of Gnathostoma spinigarun /
Mención de responsabilidad, etc. by Cándido M. Africa, Pedro G. Refuerso, Eusebio J. García.
260 ## - PUBLICACIÓN, DISTRIBUCIÓN, ETC.
Lugar de publicación, distribución, etc. Manila :
Nombre del editor, distribuidor, etc. [s.n.],
Fecha de publicación, distribución, etc. 1936.
300 ## - DESCRIPCIÓN FÍSICA
Extensión 5 p. ;
Dimensiones 27 cm.
700 1# - ENTRADA AGREGADA--NOMBRE PERSONAL
Nombre de persona Refuerso, Pedro G.
9 (RLIN) 95864
700 1# - ENTRADA AGREGADA--NOMBRE PERSONAL
Nombre de persona Garcia, Eusebio J.
9 (RLIN) 54018
852 ## - LOCALIZACIÓN
Ubicación ES-MaACL
Número de control de estantería 1823-F-14
852 ## - LOCALIZACIÓN
Ubicación ES-MaACL
Número de control de estantería 1823-F-13
Holdings
Estatus retirado Estado de pérdida Estado de daño No para préstamo Colección Biblioteca de origen Biblioteca actual Ubicación en estantería Fecha de adquisición Fuente de adquisición Total de préstamos Signatura topográfica completa Código de barras Visto por última vez Precio de reemplazo Tipo de ítem Koha
        Colección de folletos Biblioteca del Ateneo de Madrid Biblioteca del Ateneo de Madrid Depósito folletos 17/01/2008     1823-F-13 1021588 23/02/2023 23/02/2023 Folleto
        Colección de folletos Biblioteca del Ateneo de Madrid Biblioteca del Ateneo de Madrid Depósito folletos 17/01/2008     1823-F-14 1021587 23/02/2023 23/02/2023 Folleto